[Event "Cto de Aragon por Equipos Preferente"]
[Site "?"]
[Date "2020.02.15"]
[Round "4.42"]
[White "Garcia Alvarez, Sergio"]
[Black "De La Riva Fernandez, Eduardo"]
[Result "0-1"]
[WhiteElo "1666"]
[BlackElo "1800"]
[PlyCount "118"]
[EventDate "2020.??.??"]
[WhiteTeam "Actur Rey Fernando"]
[BlackTeam "El Olivar C"]

1. c4 e5 2. Nc3 c6 3. d4 exd4 4. Qxd4 Nf6 5. e4 d6 6. Bf4 Nh5 7. Bg3 Nxg3 8.
hxg3 Qb6 9. Qd2 Be6 10. f4 f6 11. Nf3 Nd7 12. O-O-O O-O-O 13. Nd4 Bf7 14. Be2
g6 15. g4 Be7 16. Rh3 h6 17. Nb3 Nc5 18. Kc2 Qa6 19. Qd4 Qb6 20. Nd2 Ne6 21.
Qxb6 axb6 22. Rf1 Nd4+ 23. Kd3 Nxe2 24. Kxe2 Kc7 25. b3 d5 26. cxd5 cxd5 27.
Nxd5+ Bxd5 28. exd5 Rxd5 29. Rc1+ Rc5 30. Rc4 Re8 31. Re3 Rxc4 32. Nxc4 b5 33.
Na3 b4 34. Nc2 Kd7 35. Kd3 Rc8 36. Kd2 Bd6 37. Re4 Rc3 38. Nxb4 Rg3 39. Nd5
Rxg2+ 40. Kc3 Rxa2 41. Nxf6+ Kc7 42. Ne8+ Kd7 43. Nxd6 Kxd6 44. Rb4 Kc6 45. Re4
Kd6 46. Rb4 Kc6 47. Re4 Ra6 48. Re6+ Kd5 49. Rxa6 bxa6 50. Kb4 h5 51. f5 hxg4
52. fxg6 Ke6 53. Ka5 g3 54. Kxa6 g2 55. b4 g1=Q 56. b5 Qa1+ 57. Kb7 Qg7+ 58.
Ka8 Kd6 59. Kb8 Kc5 0-1

[Event "Cto de Aragon por Equipos Preferente"]
[Site "?"]
[Date "2020.02.15"]
[Round "4.43"]
[White "Salete Sanchez, Victor"]
[Black "Arbiol Val, Sergio"]
[Result "1-0"]
[WhiteElo "1424"]
[BlackElo "1628"]
[PlyCount "109"]
[EventDate "2020.??.??"]
[WhiteTeam "El Olivar C"]
[BlackTeam "Actur Rey Fernando"]

1. d4 d5 2. c4 c6 3. Nc3 Nf6 4. Nf3 e6 5. Bg5 Nbd7 6. cxd5 exd5 7. e3 Bd6 8.
Bd3 O-O 9. O-O Qb6 10. Rb1 Re8 11. b4 a6 12. Na4 Qa7 13. Qc2 h6 14. Bh4 Ne4 15.
Bxe4 Rxe4 16. Bg3 Bxg3 17. hxg3 Nb6 18. Nxb6 Qxb6 19. Qc5 Qb5 20. Rb3 Bf5 21.
Ne5 f6 22. f3 fxe5 23. fxe4 Bxe4 24. Rf2 exd4 25. exd4 Re8 26. Qxb5 axb5 27.
Ra3 Bg6 28. Ra7 Re4 29. Rd2 Re7 30. a4 bxa4 31. Rxa4 b5 32. Ra8+ Kh7 33. Rc8
Re1+ 34. Kh2 Rb1 35. Rxc6 Rxb4 36. Kh3 Rb1 37. Kh2 b4 38. g4 b3 39. Rb6 Bc2 40.
Kg3 Re1 41. Rb5 Re3+ 42. Kf2 Re4 43. Kf3 Re1 44. g5 hxg5 45. Kg4 Rb1 46. Kxg5
Be4 47. Rb8 Rg1 48. g4 Bg2 49. Rxb3 g6 50. Ra2 Rf1 51. Rxg2 Kg7 52. Ra2 Rf7 53.
Rb6 Kh8 54. Kxg6 Rg7+ 55. Kf6 1-0

[Event "Cto de Aragon por Equipos Preferente"]
[Site "?"]
[Date "2020.02.15"]
[Round "4.44"]
[White "Carrasquer Alonso, Fernando"]
[Black "Palacios Latasa, Elias"]
[Result "0-1"]
[WhiteElo "1833"]
[BlackElo "2176"]
[PlyCount "46"]
[EventDate "2020.??.??"]
[WhiteTeam "Jaque B"]
[BlackTeam "IberCaja B"]

1. e4 e5 2. Nf3 Nc6 3. Bb5 Bc5 4. O-O Nd4 5. Nxd4 Bxd4 6. c3 Bb6 7. Qg4 Nf6 8.
Qxg7 Rg8 9. Qh6 c6 10. Ba4 Rg6 11. Qh4 d5 12. d4 Nxe4 13. Qxh7 Qf6 14. dxe5
Qxe5 15. Be3 Bf5 16. Qh4 Rg4 17. Qh5 Kd7 18. Bd4 Bxd4 19. cxd4 Rxg2+ 20. Kxg2
Rg8+ 21. Kh1 Nxf2+ 22. Rxf2 Qe1+ 23. Rf1 Qxf1# 0-1

[Event "Cto de Aragon por Equipos Preferente"]
[Site "?"]
[Date "2020.02.15"]
[Round "4.45"]
[White "Martinez Cebolla, Alberto"]
[Black "Carrasquer Alonso, Luis"]
[Result "1-0"]
[WhiteElo "2075"]
[BlackElo "1818"]
[PlyCount "51"]
[EventDate "2020.??.??"]
[WhiteTeam "IberCaja B"]
[BlackTeam "Jaque B"]

1. e4 e5 2. Nf3 Nc6 3. d4 exd4 4. Nxd4 Nxd4 5. Qxd4 Qf6 6. e5 Qe7 7. Nc3 d6 8.
Nd5 Qd8 9. exd6 cxd6 10. Qc3 Rb8 11. Nc7+ Ke7 12. Bg5+ f6 13. Bf4 a6 14. O-O-O
Kd7 15. Nb5 axb5 16. Bxb5+ Ke6 17. Rhe1+ Kf7 18. Be8+ Qxe8 19. Rxe8 Kxe8 20.
Qc7 Ra8 21. Re1+ Be7 22. Bxd6 Bd7 23. Bxe7 Nxe7 24. Qd6 Kf7 25. Rxe7+ Kg6 26.
Qxd7 1-0

[Event "Cto de Aragon por Equipos Preferente"]
[Site "?"]
[Date "2020.02.15"]
[Round "4.46"]
[White "Yanez Acin, Gonzalo"]
[Black "Jimenez Fernandez, Alejandro"]
[Result "0-1"]
[WhiteElo "1638"]
[BlackElo "1988"]
[PlyCount "62"]
[EventDate "2020.??.??"]
[WhiteTeam "Jaque B"]
[BlackTeam "IberCaja B"]

1. e4 c6 2. d4 d5 3. e5 c5 4. Bb5+ Bd7 5. Bxd7+ Nxd7 6. c3 e6 7. Ne2 Ne7 8. O-O
Nc6 9. Nd2 Qb6 10. Nf3 Be7 11. Rb1 O-O 12. Bg5 Bxg5 13. Nxg5 h6 14. Nf3 Rac8
15. a3 c4 16. b4 cxb3 17. Qxb3 Qxb3 18. Rxb3 Nb6 19. Nd2 Rc7 20. Rb5 Na4 21. c4
dxc4 22. Nxc4 Nxd4 23. Nxd4 Rxc4 24. Rb4 Rxb4 25. axb4 Rd8 26. Nb5 Rd5 27. Ra1
Rxb5 28. Rxa4 Rxe5 29. f4 Re4 30. Rxa7 Rxb4 31. g3 Rb2 0-1

[Event "Cto de Aragon por Equipos Preferente"]
[Site "?"]
[Date "2020.02.15"]
[Round "4.48"]
[White "Hinojar Basa, Alfonso"]
[Black "Vallverdu Miret, Oscar"]
[Result "1/2-1/2"]
[WhiteElo "2170"]
[BlackElo "2098"]
[PlyCount "37"]
[EventDate "2020.??.??"]
[WhiteTeam "Marcos Frechin A"]
[BlackTeam "Fraga"]

1. e4 c6 2. d4 d5 3. e5 c5 4. dxc5 e6 5. a3 Bxc5 6. b4 Bf8 7. Nf3 Ne7 8. Bd3
Ng6 9. O-O Be7 10. Re1 Nd7 11. Bb2 Nb6 12. g3 O-O 13. h4 f5 14. Bc1 Bd7 15. Bg5
Rc8 16. Kg2 Nc4 17. Bxe7 Qxe7 18. h5 Nh8 19. Nd4 1/2-1/2

[Event "Cto de Aragon por Equipos Preferente"]
[Site "?"]
[Date "2020.02.15"]
[Round "4.49"]
[White "Chine Infantes, Miguel Angel"]
[Black "Ciriano Lamban, Alejandro"]
[Result "1/2-1/2"]
[WhiteElo "1799"]
[BlackElo "2043"]
[PlyCount "43"]
[EventDate "2020.??.??"]
[WhiteTeam "Fraga"]
[BlackTeam "Marcos Frechin A"]

1. e4 c5 2. Nf3 Nc6 3. c4 g6 4. Nc3 Bg7 5. d3 d6 6. Be2 e6 7. O-O Nge7 8. Bg5
h6 9. Be3 O-O 10. Qc1 Kh7 11. Rb1 f5 12. g3 e5 13. exf5 gxf5 14. Ne1 f4 15.
gxf4 Bh3 16. Ng2 Ng6 17. Nd5 Nd4 18. Bxd4 exd4 19. Bf3 Nh4 20. Be4+ Kh8 21. Qd1
Re8 22. Qh5 1/2-1/2

[Event "Cto de Aragon por Equipos Preferente"]
[Site "?"]
[Date "2020.02.15"]
[Round "4.50"]
[White "Ruiperez Gumiel, Ramon"]
[Black "Agustin De Dios, Adrian"]
[Result "1-0"]
[WhiteElo "1889"]
[BlackElo "1696"]
[PlyCount "97"]
[EventDate "2020.??.??"]
[WhiteTeam "Marcos Frechin A"]
[BlackTeam "Fraga"]

1. e4 c5 2. b4 cxb4 3. a3 Nc6 4. axb4 e5 5. b5 Nd4 6. c3 Ne6 7. Nf3 Qf6 8. Ba3
Bc5 9. d4 exd4 10. e5 Qf5 11. Bxc5 Nxc5 12. cxd4 Ne6 13. Nc3 Ng5 14. Nxg5 Qxg5
15. Ne4 Qe7 16. Nd6+ Kf8 17. Rc1 Qd8 18. Qb3 Nh6 19. Qb4 Kg8 20. Qc3 g6 21.
Nxc8 Kg7 22. Nd6 Qg5 23. Qe3 Qe7 24. Bd3 Ng4 25. Qf4 h5 26. h3 g5 27. hxg4 gxf4
28. Nf5+ Kf8 29. Nxe7 Kxe7 30. Rxh5 f6 31. exf6+ Kxf6 32. Rxh8 Rxh8 33. Rc7 a6
34. b6 Rb8 35. Kd2 d5 36. Rd7 Kg5 37. Bf5 f3 38. g3 a5 39. Rd6 Rg8 40. Rxd5 Rh8
41. Rxa5 Rh2 42. Ke3 Rh1 43. Bc8+ Kf6 44. Bxb7 Rb1 45. Kxf3 Rb3+ 46. Ke4 Rb1
47. Kd5 Ke7 48. Kc6 Kd8 49. Rf5 1-0

[Event "Cto de Aragon por Equipos Preferente"]
[Site "?"]
[Date "2020.02.15"]
[Round "4.51"]
[White "Martinez Arbones, Victor"]
[Black "Lopez Lozano, David"]
[Result "0-1"]
[WhiteElo "1488"]
[BlackElo "1696"]
[PlyCount "70"]
[EventDate "2020.??.??"]
[WhiteTeam "Fraga"]
[BlackTeam "Marcos Frechin A"]

1. e4 e6 2. d4 d5 3. e5 c5 4. c3 Nc6 5. Nf3 Nge7 6. a3 Qb6 7. b4 cxd4 8. cxd4
Nf5 9. Bb2 Be7 10. Be2 O-O 11. O-O Bd7 12. Qd3 f6 13. Nbd2 Qd8 14. Nb3 b6 15.
Nfd2 fxe5 16. dxe5 Qe8 17. f4 Qg6 18. Qh3 Qh6 19. Qg4 Ne3 20. Qf3 Nxf1 21. Rxf1
g5 22. Qg4 Qg6 23. Rf3 Rxf4 24. Rxf4 gxf4 25. Qh3 Bg5 26. Bd3 Qg7 27. Nf3 h6
28. Qh5 Rf8 29. h4 Be7 30. Nh2 f3 31. Bg6 f2+ 32. Kf1 Bxh4 33. Ng4 Bg5 34. Bc1
Ne7 35. Bxg5 Bb5+ 0-1

[Event "Cto de Aragon por Equipos Preferente"]
[Site "?"]
[Date "2020.02.15"]
[Round "4.52"]
[White "Gracia Campo, Carlos Alberto"]
[Black "Garcia Andres, Daniel"]
[Result "1/2-1/2"]
[WhiteElo "2069"]
[BlackElo "2029"]
[PlyCount "115"]
[EventDate "2020.??.??"]
[WhiteTeam "El Olivar B"]
[BlackTeam "St. Casablanca C"]

1. e4 e5 2. Nf3 Nc6 3. Bc4 Bc5 4. O-O Nf6 5. d3 a6 6. Bg5 h6 7. Bh4 g5 8. Bg3
d6 9. c3 Bb6 10. Re1 Bg4 11. d4 Bxf3 12. Qxf3 Qe7 13. d5 Nb8 14. Nd2 Nbd7 15.
Qf5 O-O-O 16. Nf1 Rdg8 17. Ne3 h5 18. h4 Ng4 19. Nxg4 hxg4 20. h5 Kb8 21. Be2
Nf6 22. Bxg4 Nxh5 23. Qf3 Nf4 24. Rad1 Qf6 25. Bxf4 gxf4 26. Kf1 Bxf2 27. Kxf2
Qh4+ 28. Ke2 Qxg4 29. Qxg4 Rxg4 30. Rg1 Rh2 31. Kf2 Rg3 32. c4 Ka7 33. Rc1 a5
34. Rc3 Rxc3 35. bxc3 Rh6 36. Rb1 Rg6 37. Rh1 Rg3 38. Rh3 Kb6 39. Rxg3 fxg3+
40. Kxg3 Kc5 41. Kg4 Kxc4 42. Kf5 Kd3 43. g4 Ke3 44. c4 a4 45. g5 b6 46. a3 Kf3
47. Kf6 Kf4 48. Ke7 Kxg5 49. Kd7 f5 50. Kxc7 f4 51. Kxb6 f3 52. c5 f2 53. cxd6
f1=Q 54. d7 Qf2+ 55. Kc7 Qa7+ 56. Kc8 Qc5+ 57. Kb7 Qd6 58. Kc8 1/2-1/2

[Event "Cto de Aragon por Equipos Preferente"]
[Site "?"]
[Date "2020.02.15"]
[Round "4.53"]
[White "Gasca Uson, Miguel"]
[Black "Galve Guinea, Alejandro"]
[Result "1/2-1/2"]
[WhiteElo "1421"]
[BlackElo "1994"]
[PlyCount "40"]
[EventDate "2020.??.??"]
[WhiteTeam "St. Casablanca C"]
[BlackTeam "El Olivar B"]

1. c4 Nf6 2. Nc3 g6 3. Nf3 Bg7 4. g3 O-O 5. Bg2 d5 6. cxd5 Nxd5 7. O-O Nb6 8.
d3 Nc6 9. Bd2 h6 10. Rc1 e5 11. a3 Nd4 12. Nxd4 exd4 13. Ne4 Nd5 14. Qb3 c6 15.
Bb4 Nxb4 16. Qxb4 Qb6 17. Qxb6 axb6 18. Nd6 Rd8 19. Nxc8 Rdxc8 20. Rc4 Re8
1/2-1/2

[Event "Cto de Aragon por Equipos Preferente"]
[Site "?"]
[Date "2020.02.15"]
[Round "4.54"]
[White "Bailo Remacha, Santiago"]
[Black "Martinez Ramis, Rafael"]
[Result "1-0"]
[WhiteElo "1972"]
[BlackElo "1377"]
[PlyCount "71"]
[EventDate "2020.??.??"]
[WhiteTeam "El Olivar B"]
[BlackTeam "St. Casablanca C"]

1. c4 Nf6 2. Nc3 e6 3. d4 Bb4 4. Nf3 Bxc3+ 5. bxc3 b6 6. g3 Bb7 7. Bg2 c5 8.
O-O Na6 9. Bf4 d6 10. Qa4+ Qd7 11. Qxd7+ Nxd7 12. Bxd6 Nf6 13. Nd2 Bxg2 14.
Kxg2 Rd8 15. Be5 O-O 16. Bxf6 gxf6 17. Nb3 e5 18. d5 Nc7 19. a4 a5 20. g4 Ne8
21. Nd2 Nd6 22. Rab1 Rb8 23. Rb2 Rb7 24. Rfb1 Rfb8 25. Kf3 Kg7 26. Ke3 f5 27.
gxf5 Nxf5+ 28. Kd3 Nd6 29. Ne4 Nxe4 30. Kxe4 f6 31. d6 Kf7 32. Kd5 Rd7 33. Rxb6
Rxd6+ 34. Kxd6 Rd8+ 35. Kxc5 Rd2 36. R1b2 1-0

[Event "Cto de Aragon por Equipos Preferente"]
[Site "?"]
[Date "2020.02.15"]
[Round "4.55"]
[White "Planas Torrea, Francisco Javier"]
[Black "Carruez Berges, Santiago"]
[Result "1-0"]
[WhiteElo "2079"]
[BlackElo "1995"]
[PlyCount "91"]
[EventDate "2020.??.??"]
[WhiteTeam "Ejea"]
[BlackTeam "Agrupacion C"]

1. e4 e5 2. Nf3 Nc6 3. Bc4 Nf6 4. d3 Bc5 5. c3 d6 6. Nbd2 Bb6 7. Nf1 h6 8. Ng3
O-O 9. Qe2 Na5 10. Bb5 a6 11. Ba4 Be6 12. O-O c5 13. c4 Nc6 14. Bxc6 bxc6 15.
Bd2 Ba5 16. Bc3 Rb8 17. Qd2 Bxc3 18. Qxc3 Nh7 19. Ne1 Qg5 20. Nf3 Qf6 21. Qa5
Bg4 22. Nd2 Ng5 23. h3 Bc8 24. Rab1 Ne6 25. Ne2 Nf4 26. Nxf4 Qxf4 27. Rfd1 f5
28. Qc7 Rb7 29. Qxd6 fxe4 30. Nxe4 Bf5 31. Qxc5 Bxe4 32. dxe4 Qxe4 33. Re1 Qc2
34. b4 Qxa2 35. Ra1 Qd2 36. Rxe5 Rxb4 37. Rf5 Rxf5 38. Qxf5 Rb6 39. Qe6+ Kh7
40. Re1 Qg5 41. Re3 Rb1+ 42. Kh2 Qf4+ 43. Rg3 Kh8 44. Qe8+ Kh7 45. Qg6+ Kh8 46.
Qxg7# 1-0

[Event "Cto de Aragon por Equipos Preferente"]
[Site "?"]
[Date "2020.02.15"]
[Round "4.56"]
[White "Carruez Gracia, Eduardo"]
[Black "Planas Torrea, Alberto"]
[Result "1-0"]
[WhiteElo "1885"]
[BlackElo "1910"]
[PlyCount "77"]
[EventDate "2020.??.??"]
[WhiteTeam "Agrupacion C"]
[BlackTeam "Ejea"]

1. e4 e5 2. Nf3 Nc6 3. Bc4 Nf6 4. Ng5 d5 5. exd5 Na5 6. Bb5+ c6 7. dxc6 bxc6 8.
Bd3 Nd5 9. Nf3 Bd6 10. Nc3 O-O 11. O-O f5 12. Be2 e4 13. Nd4 Qf6 14. Nb3 Nxb3
15. axb3 Qe5 16. g3 f4 17. Ra4 Bf5 18. d4 Qe6 19. Ra6 f3 20. Bc4 Qg6 21. Rxc6
Qg4 22. Nxd5 Kh8 23. Rxd6 Rad8 24. Rxd8 Rxd8 25. Ne3 Qh3 26. Re1 Rd6 27. Bf1
Qh5 28. Nxf5 Qxf5 29. c4 h5 30. d5 Rg6 31. Qd4 Rg4 32. Bh3 Rxg3+ 33. fxg3 Qxh3
34. Qf2 Qg4 35. Bf4 g5 36. Be5+ Kg8 37. Qxa7 f2+ 38. Qxf2 h4 39. Qf6 1-0

[Event "Cto de Aragon por Equipos Preferente"]
[Site "?"]
[Date "2020.02.15"]
[Round "4.57"]
[White "Marcellan Peire, Jesus Eduardo"]
[Black "Gimeno Diaz, Fernando"]
[Result "0-1"]
[WhiteElo "1883"]
[BlackElo "1797"]
[PlyCount "72"]
[EventDate "2020.??.??"]
[WhiteTeam "Ejea"]
[BlackTeam "Agrupacion C"]

1. d4 d6 2. Nf3 Nf6 3. g3 g6 4. Bg2 Bg7 5. O-O O-O 6. Bf4 c6 7. c4 Nbd7 8. Nc3
Qa5 9. Qb3 e5 10. Bd2 exd4 11. Nb5 Qd8 12. Nbxd4 Nc5 13. Qc2 a5 14. Rfd1 Re8
15. Bf4 Nfe4 16. Nb3 Qf6 17. Nxc5 dxc5 18. Nd2 Nxd2 19. Rxd2 Bf5 20. e4 Be6 21.
Rad1 Rad8 22. Bd6 Bg4 23. f3 Bxf3 24. Rf1 Rxd6 25. Rdf2 Qxb2 26. Qxb2 Bxb2 27.
Rxb2 Bxg2 28. Kxg2 Rxe4 29. Rxb7 f5 30. Rfb1 Rxc4 31. Rb8+ Kg7 32. R1b7+ Kh6
33. Rh8 Rd2+ 34. Kh3 Rxa2 35. Rhxh7+ Kg5 36. Rbc7 Rcc2 0-1

[Event "Cto de Aragon por Equipos Preferente"]
[Site "?"]
[Date "2020.02.15"]
[Round "4.58"]
[White "Gonzalez-Mendoza Garcia, Jose A"]
[Black "Asin Jimenez, Pedro Jose"]
[Result "0-1"]
[WhiteElo "1768"]
[BlackElo "1721"]
[PlyCount "66"]
[EventDate "2020.??.??"]
[WhiteTeam "Agrupacion C"]
[BlackTeam "Ejea"]

1. d4 d5 2. Nf3 e6 3. e3 Nf6 4. c4 Be7 5. Nc3 O-O 6. cxd5 exd5 7. Bd3 c6 8. Ne5
Nbd7 9. f4 Nxe5 10. fxe5 Ng4 11. O-O Bg5 12. Qe2 f6 13. h3 Nh6 14. exf6 Rxf6
15. Bd2 Nf5 16. Bxf5 Bxf5 17. Rf3 Qd7 18. Raf1 Raf8 19. Qf2 Bd3 20. Qg3 Bxf1
21. Kxf1 Bh6 22. Ke2 Rxf3 23. gxf3 Qe6 24. Nd1 Re8 25. f4 Qe4 26. Nf2 Qxd4 27.
Ng4 Qxf4 28. Qg2 d4 29. Kd1 dxe3 30. Bc1 e2+ 31. Kc2 Qxc1+ 32. Kb3 e1=Q 33.
Nf6+ Kf7 0-1

[Event "Cto de Aragon por Equipos Preferente"]
[Site "?"]
[Date "2020.02.15"]
[Round "4.59"]
[White "Llanes Luno, Ricardo"]
[Black "Mombiela De Sus, Jose Luis"]
[Result "1/2-1/2"]
[WhiteElo "2236"]
[BlackElo "1933"]
[PlyCount "52"]
[EventDate "2020.??.??"]
[WhiteTeam "Delicias"]
[BlackTeam "Las Fuentes B"]

1. e4 e6 2. f4 d5 3. e5 c5 4. Nf3 Nc6 5. c3 Qb6 6. Na3 Bd7 7. Nc2 Nh6 8. d4
cxd4 9. cxd4 Nf5 10. g4 Nfe7 11. Bd3 h5 12. g5 g6 13. O-O Nf5 14. Bxf5 exf5 15.
b3 a5 16. Ba3 Nb4 17. Bxb4 axb4 18. Ne3 Be6 19. Qd2 Be7 20. Rfc1 O-O 21. Rc2
Rfc8 22. Rac1 Rc6 23. Nd1 Qa7 24. Nf2 Rac8 25. Nd3 Qa5 26. Rxc6 Rxc6 1/2-1/2

[Event "Cto de Aragon por Equipos Preferente"]
[Site "?"]
[Date "2020.02.15"]
[Round "4.60"]
[White "Javierre Conesa, Alfonso"]
[Black "Lamas Mercadal, Manuel"]
[Result "0-1"]
[WhiteElo "1867"]
[BlackElo "2117"]
[PlyCount "58"]
[EventDate "2020.??.??"]
[WhiteTeam "Las Fuentes B"]
[BlackTeam "Delicias"]

1. d4 e6 2. Nf3 f5 3. g3 Nf6 4. Bg2 d5 5. c4 c6 6. O-O Bd6 7. Nc3 O-O 8. c5 Bc7
9. Bg5 Bd7 10. e3 Be8 11. b4 Nbd7 12. b5 e5 13. bxc6 bxc6 14. Qa4 h6 15. Bxf6
Qxf6 16. Rab1 e4 17. Nd2 Nxc5 18. Qb4 Ne6 19. Qb7 Bd7 20. Na4 Rfb8 21. Qa6 Bb6
22. Rfc1 g5 23. Nb3 f4 24. Nac5 Bxc5 25. Nxc5 Nxc5 26. dxc5 Rb2 27. exf4 gxf4
28. gxf4 Qxf4 29. Qa3 Qxf2+ 0-1

[Event "Cto de Aragon por Equipos Preferente"]
[Site "?"]
[Date "2020.02.15"]
[Round "4.61"]
[White "Roche Simon, Manuel Angel"]
[Black "Morato Garcia, Jesus"]
[Result "1-0"]
[WhiteElo "2030"]
[BlackElo "1847"]
[PlyCount "31"]
[EventDate "2020.??.??"]
[WhiteTeam "Delicias"]
[BlackTeam "Las Fuentes B"]

1. e4 c5 2. Nf3 g6 3. d4 cxd4 4. Nxd4 Bg7 5. Nc3 Nc6 6. Be3 Nf6 7. Bc4 Qa5 8.
O-O Qb4 9. Qe2 Nxe4 10. Nxe4 Nxd4 11. Bxd4 Bxd4 12. c3 Qa5 13. cxd4 d5 14. Nf6+
Kf8 15. Nxd5 Be6 16. Qe5 1-0

[Event "Cto de Aragon por Equipos Preferente"]
[Site "?"]
[Date "2020.02.15"]
[Round "4.63"]
[White "Flores Samperiz, Jorge"]
[Black "Muro Turon, Raul"]
[Result "1-0"]
[WhiteElo "1976"]
[BlackElo "1843"]
[PlyCount "73"]
[EventDate "2020.??.??"]
[WhiteTeam "Helios B"]
[BlackTeam "Tauste"]

1. d4 Nf6 2. c4 e6 3. Nf3 b6 4. Nc3 Bb4 5. Bd2 Bb7 6. e3 O-O 7. Bd3 d5 8. cxd5
exd5 9. O-O Ba6 10. Bxa6 Nxa6 11. Qa4 Bxc3 12. Bxc3 Nb8 13. Ne5 Nfd7 14. Rac1
Re8 15. Rc2 Nxe5 16. dxe5 Nd7 17. Qf4 Rc8 18. Qg3 Nc5 19. f3 a5 20. Bd4 Ne6 21.
f4 c5 22. f5 cxd4 23. fxe6 Rxe6 24. Rxc8 Qxc8 25. exd4 Qc6 26. Qf4 Qc7 27. h4
h6 28. Rf3 b5 29. h5 b4 30. Rg3 Qe7 31. a3 f6 32. Qxh6 fxe5 33. Rxg7+ Qxg7 34.
Qxe6+ Kh7 35. Qxe5 Qf7 36. axb4 axb4 37. g4 1-0

[Event "Cto de Aragon por Equipos Preferente"]
[Site "?"]
[Date "2020.02.15"]
[Round "4.64"]
[White "Carbonel Sanchez, Andres"]
[Black "Anson Casaos, Alejandro"]
[Result "1-0"]
[WhiteElo "1825"]
[BlackElo "1826"]
[PlyCount "70"]
[EventDate "2020.??.??"]
[WhiteTeam "Tauste"]
[BlackTeam "Helios B"]

1. e4 c6 2. d4 d5 3. exd5 cxd5 4. Bd3 Nc6 5. c3 Nf6 6. Bf4 g6 7. Nf3 Bg7 8.
Nbd2 O-O 9. O-O Nh5 10. Be3 f5 11. Nb3 f4 12. Bd2 Bg4 13. Be2 Qd6 14. h3 Bc8
15. Qc1 e5 16. dxe5 Nxe5 17. Nxe5 Qxe5 18. Bxh5 gxh5 19. f3 Kh8 20. Qe1 Qf6 21.
Qf2 b6 22. Rfe1 Bd7 23. Nd4 Qg6 24. Kh2 Rf7 25. Re2 h6 26. Rae1 Qg5 27. Ne6
Bxe6 28. Rxe6 h4 29. Qe2 Rff8 30. Qd3 Rg8 31. Rg6 Qh5 32. Bxf4 Rae8 33. Rge6
Rxe6 34. Rxe6 Qf7 35. Qe3 Kh7 1-0

[Event "Cto de Aragon por Equipos Preferente"]
[Site "?"]
[Date "2020.02.15"]
[Round "4.65"]
[White "Gonzalez Azuara, Javier"]
[Black "Solanas Esteban, Hector"]
[Result "0-1"]
[WhiteElo "1722"]
[BlackElo "1646"]
[PlyCount "94"]
[EventDate "2020.??.??"]
[WhiteTeam "Helios B"]
[BlackTeam "Tauste"]

1. d4 d5 2. Nf3 Nf6 3. e3 Bf5 4. Ne5 Nbd7 5. Nxd7 Qxd7 6. Nd2 e6 7. b3 Bb4 8.
Bd3 Ne4 9. O-O Nxd2 10. Bxd2 Bxd2 11. Qxd2 Bxd3 12. Qxd3 h5 13. c4 g5 14. f4
gxf4 15. Rxf4 O-O-O 16. Raf1 f5 17. c5 Rhg8 18. R1f2 Rg4 19. Rxg4 hxg4 20. g3
a6 21. b4 Qb5 22. Rd2 Qxb4 23. Qe2 Qb1+ 24. Rd1 Qb5 25. Qf2 Rf8 26. Qc2 Qd7 27.
Rb1 c6 28. a4 Rf7 29. Qb3 Qc7 30. Qb6 Qxb6 31. Rxb6 a5 32. Kg2 e5 33. Rb2 f4
34. gxf4 exf4 35. Rf2 f3+ 36. Kg3 Rg7 37. Rf1 Kd7 38. h3 gxh3+ 39. Kxh3 Rg2 40.
Rxf3 Ra2 41. Rf7+ Kc8 42. Kg4 Rxa4 43. Kf5 Ra3 44. Ke6 Rxe3+ 45. Kd6 Kb8 46.
Rf2 a4 47. Ra2 a3 0-1

[Event "Cto de Aragon por Equipos Preferente"]
[Site "?"]
[Date "2020.02.15"]
[Round "4.66"]
[White "Liarte Marinoso, Aaron"]
[Black "Lacamara Pasamar, Miguel"]
[Result "1-0"]
[WhiteElo "1627"]
[BlackElo "1720"]
[PlyCount "53"]
[EventDate "2020.??.??"]
[WhiteTeam "Tauste"]
[BlackTeam "Helios B"]

1. Nf3 e6 2. c4 Nf6 3. b3 g6 4. Bb2 Bg7 5. d4 O-O 6. g3 b6 7. Bg2 Bb7 8. O-O d5
9. cxd5 exd5 10. Nc3 Nbd7 11. Rc1 Rc8 12. Re1 c6 13. e4 dxe4 14. Ne5 Nxe5 15.
dxe5 Nd7 16. Nxe4 Nxe5 17. Nd6 Nf3+ 18. Bxf3 Bxb2 19. Nxb7 Qc7 20. Rxc6 Qb8 21.
Rxc8 Rxc8 22. Qd7 Ba3 23. Bc6 Kg7 24. Re8 Rxe8 25. Qxe8 Qc7 26. f4 b5 27. Qe5+
1-0

[Event "Cto de Aragon por Equipos Preferente"]
[Site "?"]
[Date "2020.02.15"]
[Round "4.67"]
[White "Fuster Garcia, Luis"]
[Black "Cebrian Valverde, Jose Antonio"]
[Result "1-0"]
[WhiteElo "2169"]
[BlackElo "2101"]
[PlyCount "47"]
[EventDate "2020.??.??"]
[WhiteTeam "Marcos Frechin B"]
[BlackTeam "San Jose"]

1. e4 e6 2. Nf3 d5 3. e5 Nh6 4. d4 c5 5. Bd3 cxd4 6. O-O Nc6 7. a3 a5 8. Nbd2
Bd7 9. Re1 Qb6 10. Nf1 Nf5 11. g4 Nfe7 12. Ng3 h6 13. Nh5 Rc8 14. g5 hxg5 15.
Nxg5 Nf5 16. Bxf5 exf5 17. e6 fxe6 18. Nxe6 Bxe6 19. Rxe6+ Kf7 20. Nf4 Qc7 21.
Qd3 Ne7 22. Rxe7+ Bxe7 23. Qxf5+ Bf6 24. Qe6+ 1-0

[Event "Cto de Aragon por Equipos Preferente"]
[Site "?"]
[Date "2020.02.15"]
[Round "4.68"]
[White "Gracia Suarez, Jesus"]
[Black "Moya Gimeno, Raul"]
[Result "1-0"]
[WhiteElo "2073"]
[BlackElo "1851"]
[PlyCount "57"]
[EventDate "2020.??.??"]
[WhiteTeam "San Jose"]
[BlackTeam "Marcos Frechin B"]

1. Nc3 g6 2. e4 Bg7 3. d4 d6 4. Be3 Nf6 5. Qd2 O-O 6. O-O-O a6 7. Bh6 b5 8. f3
Re8 9. h4 e5 10. d5 c6 11. Bxg7 Kxg7 12. dxc6 Nxc6 13. Qxd6 Qb6 14. Qxf6+ Kg8
15. Nd5 Qc5 16. h5 Re6 17. Qg5 Ra7 18. b4 Qf8 19. Nf6+ Kh8 20. Nxh7 Qxb4 21.
hxg6 Qa3+ 22. Kd2 Qb4+ 23. Ke2 Qc4+ 24. Kf2 Qc5+ 25. Kg3 Rxg6 26. Nf8+ Kg8 27.
Nxg6 fxg6 28. Rd8+ Nxd8 29. Qxd8+ 1-0

[Event "Cto de Aragon por Equipos Preferente"]
[Site "?"]
[Date "2020.02.15"]
[Round "4.69"]
[White "Alas Sebastian, Yasmina"]
[Black "Ferreruela Romero, Jose Joaquin"]
[Result "1/2-1/2"]
[WhiteElo "1663"]
[BlackElo "2034"]
[PlyCount "92"]
[EventDate "2020.??.??"]
[WhiteTeam "Marcos Frechin B"]
[BlackTeam "San Jose"]

1. e4 d6 2. d4 Nf6 3. Nc3 Nbd7 4. Nf3 e5 5. dxe5 dxe5 6. Bc4 Bb4 7. Bd2 O-O 8.
Qe2 c6 9. O-O Qc7 10. a3 Be7 11. Rfe1 Nc5 12. b4 Ne6 13. Be3 Ng4 14. Rad1 b5
15. Bb3 a5 16. bxa5 Bxa3 17. Bb6 Qb8 18. Na2 Nd4 19. Qd3 Be7 20. h3 Nxb3 21.
cxb3 Nf6 22. Qc3 Nd7 23. Be3 c5 24. b4 Qc7 25. Nc1 c4 26. Ne2 Re8 27. Ng3 g6
28. Rd5 Rb8 29. Ra1 Bf6 30. a6 Qc6 31. a7 Ra8 32. Ne2 Nb6 33. Rd2 Na4 34. Qc2
Bb7 35. Ng3 Qe6 36. Rad1 Be7 37. Ng5 Qc8 38. Rb1 Bc6 39. Nf3 Bf8 40. h4 Qc7 41.
h5 Nb6 42. hxg6 hxg6 43. Qd1 c3 44. Rc2 Red8 45. Qe2 Na4 46. Ng5 Qd7 1/2-1/2

[Event "Cto de Aragon por Equipos Preferente"]
[Site "?"]
[Date "2020.02.15"]
[Round "4.70"]
[White "Palomar Ramon, Santiago"]
[Black "Perez Tomas, Juan Manuel"]
[Result "1-0"]
[WhiteElo "1974"]
[BlackElo "1556"]
[PlyCount "63"]
[EventDate "2020.??.??"]
[WhiteTeam "San Jose"]
[BlackTeam "Marcos Frechin B"]

1. e4 e5 2. Nf3 Nf6 3. Nc3 Nc6 4. a3 a5 5. d4 exd4 6. Nxd4 d6 7. Bc4 Bg4 8. f3
Bd7 9. O-O Be7 10. Nf5 Bxf5 11. exf5 Ne5 12. Bb3 h5 13. h3 Qd7 14. f4 Nc6 15.
Nd5 O-O-O 16. Ba4 Ng8 17. Qd3 Bf6 18. Be3 Nge7 19. Nxe7+ Qxe7 20. Rae1 Rde8 21.
Bf2 Qd8 22. b4 axb4 23. axb4 Nxb4 24. Qc4 Rxe1 25. Rxe1 c5 26. Qxf7 Nc6 27.
Bxc6 bxc6 28. Rb1 Qe7 29. Qa2 Qd8 30. Qa7 Qc7 31. Qa8+ Kd7 32. Qxh8 1-0